| 000 | 00558nam a2200193 i 4500 | ||
|---|---|---|---|
| 001 | 8560 | ||
| 003 | ES-MaACL | ||
| 005 | 20230906145503.0 | ||
| 007 | t| | ||
| 008 | 920715s1992 sp ||||1| spa d | ||
| 020 | _a84-606-0774-7 | ||
| 080 | _a86-311.2"19" | ||
| 080 | _a86(Ortega,J.P.7 M.01) | ||
| 100 | 1 |
_aOrtega, Juan Pablo. _987414 |
|
| 245 | 1 | 4 |
_aLos Marrajos / _cJuan Pablo Ortega. |
| 260 |
_aSegovia : _bTertulia de los Martes, _c1992. |
||
| 300 |
_a175 p. ; _c20 cm. |
||
| 852 |
_aES-MaACL _jL-15968 _bR.120725 _q. - Dedicatoria autógrafa del autor |
||
| 999 |
_c8560 _d8560 |
||